| 000 | 00578nam a2200229Ia 4500 | ||
|---|---|---|---|
| 003 | OSt | ||
| 005 | 20220924152327.0 | ||
| 006 | a|||||r|||| 00| 0 | ||
| 007 | ta | ||
| 008 | 220923b |||||||| |||| 00| 0 ara d | ||
| 024 | _a342038 | ||
| 037 | _cTextual | ||
| 040 |
_aARTS _cARTS _bara |
||
| 041 |
_2ara _aara |
||
| 082 | _aQ7, 28E9 | ||
| 100 |
_aAbdurrazzaq Au. _9187227 |
||
| 245 | 0 | _aAl-hawadis al-jamia wal tijarab al-nafiah | |
| 260 | _c1919 | ||
| 650 |
_aISLAM _9577 |
||
| 942 |
_hQ7, 28E9 _cTEXL _2CC |
||
| 999 |
_c469475 _d469475 |
||